000 00556nam a22001697a 4500
999 _c9078
_d9078
003 GBCCL
005 20241126110704.0
008 220405b ||||| |||| 00| 0 eng d
040 _cgbc
082 _aARCH GBC-2020
_bGIN
100 _aGinkhual, K
_915838
245 _aA study on the Biblical fellowship of the early Christians and its implications to the Evangelical Baptist Convention in Lamka
260 _aNew Lamka:
_bGrace Bible College,
_c2020
300 _a,xvii 56 p.;
650 _aChristianity
_vEBC
_zNorth East India
_915839
942 _2ddc
_cTH